• 首页
  • 本馆介绍
  • 公告通知
  • 最新文献
  • 馆藏检索
  • 电子资源
  • 读者荐购
  • 参考咨询
  • CALIS
  • 我的图书馆
  • 登录
  • 详细信息显示
  • 放入我的书架
  • 预约/预借图书
  • 作者相关作品
  • 分类相关作品
  • 丛书相关作品
  • 出版社相关作品

书目信息

  • 表格格式
  • 工作单格式
  • 卡片格式
题名:
普通话水平测试应试指导与训练
    
 
作者: 刘慧 编写
分册:  
出版信息: 北京   北京语言大学出版社  2009.10
页数: 331页
开本: 21cm
丛书名:
单 册:
中图分类: H102
科图分类:
主题词: 普通话--pu tong hua--测试--自学参考资料
电子资源:
ISBN: 978-7-5619-2406-8
 
 
 
 
 
000 01011nam0 2200253 450
001 CAL 012009158223
005 20111223150949.64
010    @a978-7-5619-2406-8@dCNY35.00 (含光盘)
010    @a978-7-88703-747-3@b光盘
016    @aCN-M04-09-0052-0
100    @a20091107d2009 em y0chiy0121 ea
101 0  @achi
102    @aCN@b110000
105    @ay z 000yy
200 1  @a普通话水平测试应试指导与训练@Apu tong hua shui ping ce shi ying shi zhi dao yu xun lian@f刘慧编写
210    @a北京@c北京语言大学出版社@d2009.10
215    @a331页@d21cm@e光盘1片
300    @a普通话水平测试 (PSC) 辅导用书
330    @a本书针对粤方言地区普通话学习者中带有普遍性的问题,以及普通话测试中发现的一些应试常见误区,作者将多年教学和测试中所积累的丰富经验融会于书中,不仅详细介绍了普通话水平测试(PSC)的要点,而且提供了对应的方法和策略。
606 0  @a普通话@Apu tong hua@x测试@j自学参考资料
690    @aH102@v4
701  0 @a刘慧@Aliu hui@c(普通话)@4编写
801  0 @aCN@bZZRC@c20111223
905    @aZUCC@dH102@eL623@f3
    
    普通话水平测试应试指导与训练/刘慧编写.-北京:北京语言大学出版社,2009.10
    331页;21cm+光盘1片
    普通话水平测试 (PSC) 辅导用书
    
    ISBN 978-7-5619-2406-8:CNY35.00 (含光盘)
    本书针对粤方言地区普通话学习者中带有普遍性的问题,以及普通话测试中发现的一些应试常见误区,作者将多年教学和测试中所积累的丰富经验融会于书中,不仅详细介绍了普通话水平测试(PSC)的要点,而且提供了对应的方法和策略。
●
相关链接 在E读中查询图书 在当当中查询图书 在豆瓣中查询图书


正题名:普通话水平测试应试指导与训练     索取号:H102/L623         预约/预借

序号 登录号 条形码 馆藏地/架位号 状态 备注
1 1065585   210655851   语言库209/209语言库 70排2列1层/ [索取号:H102/L623] 在馆    
2 1065586   210655860   语言库209/209语言库 70排2列1层/ [索取号:H102/L623] 在馆    
3 1065587   210655879   语言库209/209语言库 70排2列1层/ [索取号:H102/L623] 在馆    
河南城建学院图书馆 欢迎您!
大连网信软件有限公司© 版权所有